| 000 | 00338nam a22001217a 4500 | ||
|---|---|---|---|
| 020 | _a978999361594 | ||
| 082 |
_222 _a495.4630 |
||
| 100 | _aChimi Rigzin Dorji, | ||
| 245 | _aEnglish dzongkha agriculture terminology / | ||
| 260 |
_aThimphu, _bDzongkahg Development Commission, _cC2010. |
||
| 300 |
_a50p. ; _bill. ; _c20 cm. |
||
| 942 |
_2ddc _cGEN |
||
| 999 |
_c2603 _d2603 |
||